| 000 | 00474nam a22001817a 4500 | ||
|---|---|---|---|
| 005 | 20230117123351.0 | ||
| 008 | 220225b ||||| |||| 00| 0 eng d | ||
| 020 | _a978-0-7020-7012-9 | ||
| 041 | _aeng | ||
| 082 |
_a615 _bWHI-C |
||
| 100 |
_aWHITTLESEA, CATE AND HODSON, KAREN _97233 |
||
| 245 | _aCLINICAL PHARMACY AND THERAPEUTICS | ||
| 250 | _a6TH, ED. | ||
| 260 |
_aNEW DELHI _bELSEVIER _c2019 |
||
| 300 | _a1094;p | ||
| 650 |
_aPHARMACY _xD.PHARMA _97090 |
||
| 942 | _cBK | ||
| 999 |
_c7981 _d7979 |
||